Páginas de mi diario de campaña (Record no. 165516)

MARC details
000 -LEADER
campo de control de longitud fija 00747nam a22001815i 4500
001 - NÚMERO DE CONTROL
campo de control 165516
003 - IDENTIFICADOR DE NÚMERO DE CONTROL
campo de control ES-MaACL
005 - FECHA Y HORA DE LA ÚLTIMA TRANSACCIÓN
campo de control 20230906213144.0
008 - DATOS DE LONGITUD FIJA--INFORMACIÓN GENERAL
campo de control de longitud fija 050831s1886 fr | |||||||| ||fre d
040 ## - FUENTE DE CATALOGACIÓN
Centro catalogador/agencia de origen CAM
Lengua de catalogación spa
Centro/agencia transcriptor CAM
100 1# - ENTRADA PRINCIPAL--NOMBRE DE PERSONA
Nombre de persona Solar, Alberto del.
9 (RLIN) 132799
245 10 - MENCIÓN DEL TÍTULO
Título Páginas de mi diario de campaña
Resto del título : recuerdos íntimos de la guerra del Pacífico, 1879-1881 /
Mención de responsabilidad, etc. Alberto del Solar; prólogo de Cárlos Morla Vicuña.
260 ## - PUBLICACIÓN, DISTRIBUCIÓN, ETC.
Lugar de publicación, distribución, etc. París :
Nombre del editor, distribuidor, etc. Imprenta y Librería de los Ferro-carriles :
-- Imprenta de Chaix,
Fecha de publicación, distribución, etc. 1886.
300 ## - DESCRIPCIÓN FÍSICA
Extensión 251, [1] p. ;
Dimensiones 19 cm.
650 #4 - PUNTO DE ACCESO ADICIONAL DE MATERIA--TÉRMINO DE MATERIA
Término de materia o nombre geográfico como elemento de entrada Guerra del Pacífico, 1879-1884-
Subdivisión de forma Relatos personales.
9 (RLIN) 158688
700 0# - ENTRADA AGREGADA--NOMBRE PERSONAL
Nombre de persona Morla Vicuña, Carlos.
9 (RLIN) 83593
852 ## - LOCALIZACIÓN
Ubicación ES-MaACL
Número de control de estantería G-7728
Nota libre -- Enc. pasta española
Holdings
Estatus retirado Estado de pérdida Estado de daño No para préstamo Colección Biblioteca de origen Biblioteca actual Ubicación en estantería Fecha de adquisición Fuente de adquisición Total de préstamos Signatura topográfica completa Código de barras Visto por última vez Precio de reemplazo Tipo de ítem Koha
        Libros del s. XIX Biblioteca del Ateneo de Madrid Biblioteca del Ateneo de Madrid Sala Pecera Planta 3 17/01/2008     G-7728 1173576 23/02/2023 23/02/2023 Libro impreso antiguo